000 00282nam a22001337a 4500
008 210430b ||||| |||| 00| 0 eng d
041 _aeng
080 _a902
082 _a902
100 _a45
101 _aARK
245 _aAncient Greece and Rome
_cDawe,H.A
942 _2udc
_cBK
999 _c57039
_d57039